| 000 | 01199cam a2200289 4500 | ||
|---|---|---|---|
| 008 | 030319n2002 000 0 eng u | ||
| 020 | _a1840640790 | ||
| 035 | _a(Sirsi) u121677 | ||
| 041 | _aeng | ||
| 050 |
_a333.332 _c18 |
||
| 245 |
_aValuing cultural heritage _bapplying environmental valuation techniques to historic buildings, monuments and artifacts |
||
| 260 |
_aCheltenham _bElgar _c2002 |
||
| 300 |
_axi, 280p. _c24cm. |
||
| 350 | _a59.95 | ||
| 520 | _aExplores the application of non-market valuation techniques to cultural heritage goods. Identifies methods for valuing cultural heritage and provides 12 comprehensive case studies from eight countries that estimate public values for a range of cultural resources. Summarises with clear guidance on lessons learned and best practice for future work. | ||
| 650 | _aNON-MARKET VALUATION | ||
| 650 | _aENVIRONMENTAL VALUATION | ||
| 650 | _aPUBLIC VALUE | ||
| 650 | _aCULTURAL GOODS | ||
| 650 | _aMONUMENTS | ||
| 650 | _aHISTORIC BUILDINGS | ||
| 650 | _aCULTURAL HERITAGE | ||
| 690 | _aPROPERTY-PROPERTY APPRAISAL AND VALUATION | ||
| 700 |
_aNavrud, Stale _xEditor |
||
| 700 |
_aReady, Richard C. _xEditor |
||
| 942 | _n0 | ||
| 999 |
_c102705 _d102705 |
||